[Event "Russia Charity Tournament"]
[Site "Online"]
[Date "2020.05.13"]
[Round "12"]
[White "Riazantsev, Alexander"]
[Black "Karjakin, Sergey"]
[Result "1/2-1/2"]
[WhiteElo "2497"]
[BlackElo "2766"]
[Annotator "TA"]
[PlyCount "60"]
[EventDate "2020.05.12"]
[EventType "tourn"]
[SourceTitle "playchess.com"]
[Source "ChessBase"]
[SourceQuality "1"]

{[%evp 10,60,31,31,25,14,18,12,15,12,14,9,16,4,5,5,5,5,0,14,8,0,0,0,0,0,0,0,0,-8,0,0,0,0,0,0,0,0,0,0,0,0,0,0,0,0,0,0,0,0,0,0,0]} 1. d4 Nf6 2. c4 e6 3. Nf3 d5 4. Bg5 h6 5. Bxf6 Qxf6 6. e3 Nd7 {D30: Queen's Gambit Declined: Systems without Nc3.} 7. Nbd2 g6 {The position is equal.} 8. Be2 Bg7 9. O-O O-O 10. b4 c6 11. a4 {[#]} e5 $146 ({Predecessor:} 11... Qe7 12. Qb3 Rd8 13. Rac1 a5 14. b5 c5 15. Rfd1 cxd4 16. exd4 dxc4 17. Nxc4 b6 {1-0 (25) Riazantsev,A (2645)-Sapunov,E (2461) Moscow 2019}) 12. cxd5 cxd5 13. dxe5 Nxe5 14. Rc1 Bd7 15. Qb3 Nxf3+ 16. Nxf3 Qb2 17. Qxb2 Bxb2 18. Rc2 Bf6 19. b5 Rac8 20. Rfc1 Bb2 21. Rxc8 Rxc8 22. Rxc8+ Bxc8 $11 {[%mdl 4096] Endgame KBB-KBN} 23. Nd4 Kf8 24. Bf3 Be6 25. Nxe6+ fxe6 {KB-KB} 26. Kf1 Ke7 27. Ke2 b6 28. Kd3 Kd6 29. e4 g5 30. exd5 exd5 {Not much happened in this game. Accuracy: White = 100%, Black = 100%.} 1/2-1/2

[Event "Russia Charity Tournament"]
[Site "Online"]
[Date "2020.05.13"]
[Round "13"]
[White "Grischuk, Alexander"]
[Black "Karjakin, Sergey"]
[Result "0-1"]
[WhiteElo "2765"]
[BlackElo "2766"]
[Annotator "TA"]
[PlyCount "108"]
[EventDate "2020.05.12"]
[EventType "tourn"]
[SourceTitle "playchess.com"]
[Source "ChessBase"]
[SourceQuality "1"]

{[%evp 9,108,8,14,7,18,15,14,6,6,6,6,6,6,6,6,0,0,4,4,4,4,2,4,0,10,11,10,8,13,18,30,30,84,36,40,30,30,30,30,30,30,30,17,15,15,15,30,41,31,20,78,27,84,80,154,69,335,124,131,111,130,39,166,48,101,72,431,417,452,256,252,160,189,0,112,0,103,104,81,87,97,57,125,119,119,119,331,0,0,0,0,0,0,0,0,0,0,0,0,-29998,-29999]} 1. d4 Nf6 2. Nf3 d5 3. Bf4 c5 4. e3 Nc6 5. Nbd2 cxd4 6. exd4 {D02: 1 d4 d5 2 Nf3 sidelines, including 2...Nf6 3 g3 and 2...Nf6 3 Bf4.} Qb6 7. Nb3 Bg4 8. Be2 {The position is equal.} e6 9. O-O Be7 10. a4 {[%cal Ba2a4,Ba4a5][%mdl 32]} a6 11. a5 Qd8 12. Ne5 Bxe2 13. Qxe2 O-O 14. Rfd1 Rc8 15. c3 {[#]} Ne4 $146 ({Predecessor:} 15... Nd7 16. Nxd7 Qxd7 17. Rd3 Rfe8 18. Rh3 g6 19. Bh6 Bd6 20. Re3 Ne7 21. g4 Nc6 22. f4 Qc7 23. Rf1 Qd8 24. Bg5 Be7 25. Bh6 Bf8 26. Bg5 Be7 27. Bh6 {½-½ (27) Korchmar,V (2422)-Potkin,V (2588) Minsk 2017}) 16. Nd3 Bg5 17. Bxg5 Qxg5 18. Nbc5 Nxc5 19. Nxc5 Qe7 20. b4 Rfe8 (20... Na7 $11) 21. Rd3 Na7 22. Re1 Nb5 23. Rh3 Nd6 24. Qh5 h6 25. Rg3 Nf5 26. Rf3 {Black must now prevent Rxf5.} g6 27. Qg4 Kg7 28. Qf4 Qc7 29. Qd2 h5 (29... Qe7 $11) 30. g3 (30. h3 $16) 30... Ra8 (30... Nd6 $11) 31. h3 $16 Rac8 (31... b6 $142) 32. Qg5 (32. g4 $1 $16 {[%cal Rg4f5]} Nh4 33. Rd3) 32... Nd6 $4 {[%mdl 8192]} (32... f6 $14 33. Qd2 Qf7) 33. Qf6+ $2 (33. Rxe6 $18 {is more deadly.} Ne4 34. Qxd5 Nxc5 35. Rxe8 Rxe8 36. dxc5) 33... Kh7 34. g4 Qe7 35. Qf4 (35. Qe5 $1 $16) 35... Rg8 ({Black should try} 35... h4 $14) 36. Kf1 (36. c4 $1 $18) 36... Rg7 (36... g5 $14 37. Qe5 Rce8) 37. gxh5 $1 gxh5 $2 {[%mdl 8192]} (37... g5 $16 38. Qe5 Re8) 38. Re5 $1 $18 Kg8 39. Rxh5 (39. Rg3 $142 Ne8 40. Rxh5 Rxg3 41. Qxg3+ Ng7 42. Rg5) 39... Nf5 40. Qd2 Qf6 41. Qf4 $2 ({Better is} 41. h4 $1 $18) 41... Qg6 {[#]} (41... Qe7 $1 $11 {remains equal.}) 42. Qg4 {[#]} (42. Nd7 $1 $16 f6 43. Rxf5 (43. Qg4 $2 Qf7 $19) 43... exf5 44. Rg3) 42... Qf6 (42... Nxd4 $1 $11 {[%mdl 512]} 43. Rg3 (43. cxd4 Qb1+) 43... Nf5) 43. Rhxf5 $16 exf5 44. Qxf5 Qc6 45. Re3 Re8 (45... Qb5+ $14 46. Rd3 Qc6) 46. Rxe8+ Qxe8 47. Qxd5 {[%mdl 4096] Endgame KQR-KQN} Rg6 $2 (47... Qb5+ $16 48. Ke1 Rg1+ 49. Kd2 Qf1) 48. Nxb7 $2 (48. Qxb7 $18 {aiming for h4.} Qd8 49. Nd7 (49. Nxa6 Qg5 $11)) 48... Qa4 $11 {[%cal Ra4d1]} 49. Qf3 Qa1+ 50. Ke2 {Strongly threatening d5.} Qb2+ 51. Kd3 Qb1+ 52. Kc4 Qa2+ 53. Kc5 {And now Nd8 would win.} Qe6 {( -> ...Qc8+)} 54. Qd5 $2 {[%mdl 8192]} (54. b5 $11) 54... Qc8+ {A wild game. Accuracy: White = 63%, Black = 53%.} 0-1

[Event "Russia Charity Tournament"]
[Site "Online"]
[Date "2020.05.13"]
[Round "13"]
[White "Svidler, Peter"]
[Black "Nepomniachtchi, Ian"]
[Result "1-0"]
[WhiteElo "2754"]
[BlackElo "2785"]
[Annotator "TA"]
[PlyCount "98"]
[EventDate "2020.05.12"]
[EventType "tourn"]
[SourceTitle "playchess.com"]
[Source "ChessBase"]
[SourceQuality "1"]

{[%evp 9,98,10,30,19,52,35,47,43,46,46,46,41,85,86,81,77,84,84,67,63,81,64,79,90,96,81,152,152,158,158,152,142,141,122,208,153,128,129,144,147,141,142,172,182,164,174,182,158,148,136,132,137,229,226,283,284,277,315,368,367,367,347,496,472,463,447,542,529,680,666,817,791,1798,1720,1620,1595,1995,1991,1791,1620,29973,29973,29974,29975,29976,29977,29976,29977,29977,29978,29976]} 1. Nf3 d5 2. g3 Nc6 3. d4 Bg4 4. Bg2 Qd7 5. h3 Bxf3 6. exf3 {D02: 1 d4 d5 2 Nf3 sidelines, including 2...Nf6 3 g3 and 2...Nf6 3 Bf4.} Nh6 7. f4 Nf5 8. c3 {White is slightly better.} h5 9. Nd2 e6 10. Nf3 f6 {[#]} 11. O-O $146 ({Predecessor:} 11. Bd2 O-O-O 12. Qc2 h4 13. g4 Nd6 14. O-O-O Ne4 15. Be3 Bd6 16. Ne1 f5 17. Nd3 {0-1 (66) Saric,A (2393)-Videki,S (2415) Split 2004}) 11... h4 12. g4 Nd6 13. Re1 {Threatens to win with f5.} O-O-O 14. Qd3 Ne4 15. Rxe4 dxe4 16. Qxe4 Bd6 17. Be3 g5 (17... g6 $142) 18. fxg5 $16 f5 19. gxf5 exf5 20. Qc2 Kb8 21. Re1 Ne7 (21... Rde8 $16 {was necessary.} 22. c4 Qf7) 22. Bd2 Ng6 23. Qb3 c6 24. Re6 Rhg8 25. Rf6 Rg7 26. Qe6 Qxe6 27. Rxe6 Kc7 28. Rxg6 Rxg6 29. Nxh4 Re6 30. Bf1 {[%mdl 1024] White has strong compensation.} f4 (30... Re4 $16 31. Nxf5 Bf4) 31. Nf3 c5 32. d5 Re7 33. h4 b5 34. Bxb5 Rb8 35. c4 a6 (35... Rg8 $142 36. Ba5+ Kc8) 36. Ba5+ $18 Kb7 37. Ba4 Re2 38. Bc3 Ka7 39. g6 Bf8 40. h5 Rbxb2 41. Bxb2 Rxb2 {[%mdl 4096] Endgame [#] KRB-KBN} 42. d6 $1 Kb7 (42... Bxd6 43. g7) 43. d7 Kc7 44. Ne5 Rxa2 45. Nf7 {White mates.} Rd2 46. h6 Bxh6 47. Nxh6 Rd6 48. Nf7 Rxg6+ 49. Kf1 Rg8 {Accuracy: White = 97%, Black = 49%.} 1-0

[Event "Russia Charity Tournament"]
[Site "Online"]
[Date "2020.05.13"]
[Round "13"]
[White "Tomashevsky, Evgeny"]
[Black "Kramnik, Vladimir"]
[Result "1-0"]
[WhiteElo "2695"]
[BlackElo "2797"]
[Annotator "TA"]
[PlyCount "101"]
[EventDate "2020.05.12"]
[EventType "tourn"]
[SourceTitle "playchess.com"]
[Source "ChessBase"]
[SourceQuality "1"]

{[%evp 9,101,0,14,6,9,0,18,15,14,10,4,0,0,-8,0,0,0,0,12,11,12,6,10,4,23,27,51,57,58,63,64,42,50,1,6,2,6,9,12,0,21,0,18,18,28,8,16,5,10,12,46,20,86,28,28,17,18,13,165,165,165,165,165,165,165,165,165,165,173,171,188,171,165,165,204,205,248,200,246,199,392,390,383,366,5759,5759,5619,5591,5073,4770,4778,2449,1495,1383]} 1. Nf3 d5 2. e3 Nf6 3. c4 e6 4. b3 Bd6 5. Bb2 O-O 6. Nc3 {A13: English Opening: 1...e6.} b6 {6...c5 is the recent fashion.} 7. cxd5 Nxd5 8. Nxd5 {The position is equal.} exd5 9. Be2 {[#]} a5 $146 ({Predecessor:} 9... Re8 10. O-O Nd7 11. Nd4 Bb7 12. Nf5 Be5 13. d4 Bf6 14. Rc1 a6 15. Bd3 Nf8 {0-1 (36) Kovchan,A (2585)-Kravtsiv,M (2645) Rivne 2016}) 10. O-O Ba6 11. Nd4 Bxe2 12. Qxe2 Be5 13. Bc3 Re8 14. Qg4 Bxd4 15. Qxd4 {[%csl Gc3][%cal Rd4g7] [#]} f6 16. Qg4 c5 (16... Qd7 {is interesting.} 17. Qg3 Qe7 18. Rfc1 Rc8 19. d4 a4) 17. d4 Nc6 18. dxc5 bxc5 19. Rfd1 Qd6 20. Rac1 a4 21. h3 axb3 22. axb3 Rab8 23. Qa4 Red8 24. Be1 Ne5 25. Qa3 Rbc8 26. Rc2 Qb6 27. Ba5 Qa7 28. Qa1 $36 {[%mdl 2048] Black is under pressure.} Rd7 29. Bc3 Qb8 30. Rcd2 Rcd8 {[#]} (30... Qxb3 $11 31. Bxe5 fxe5) 31. Qa5 (31. Qa3 $1 $16) 31... Qxb3 $11 {White must now prevent ...d4!} 32. Bxe5 fxe5 33. Qxc5 d4 $2 {Loses the game.} (33... Qb7 $11 {and Black stays safe.}) 34. Qxe5 $18 d3 35. Qb2 Qc4 36. Qa2 Qxa2 37. Rxa2 {[%mdl 4096] Endgame KRR-KRR} Kf7 38. Kf1 Ke6 39. Ke1 Rc7 40. Ra3 Rcd7 41. Kd2 g5 42. Rb1 h5 43. Rbb3 Rf7 44. f3 g4 $2 (44... Rc7 {is a better defense.}) 45. hxg4 hxg4 46. Rb6+ Kd5 $2 (46... Ke7 47. f4 (47. Rxd3 Ra8 $16) 47... Kf8) 47. Rxd3+ {White is clearly winning.} Kc5 48. Rxd8 Kxb6 49. f4 Kc5 50. Ke2 Rg7 51. Kf2 {Accuracy: White = 89%, Black = 69%.} 1-0

[Event "Russia Charity Tournament"]
[Site "Online"]
[Date "2020.05.13"]
[Round "13"]
[White "Inarkiev, Ernesto"]
[Black "Riazantsev, Alexander"]
[Result "1-0"]
[WhiteElo "2639"]
[BlackElo "2497"]
[Annotator "TA"]
[PlyCount "75"]
[EventDate "2020.05.12"]
[EventType "tourn"]
[SourceTitle "playchess.com"]
[Source "ChessBase"]
[SourceQuality "1"]

{[%evp 9,75,18,22,10,9,-27,14,-10,-6,-31,-21,-24,-10,-37,-17,-37,-16,-2,-10,-19,0,-16,-16,-7,17,-20,-4,-8,29,13,28,22,0,0,25,33,58,64,45,48,42,41,170,170,171,169,164,150,128,132,178,165,204,206,200,141,139,143,147,0,0,-45,637,632,583,562,29994,29995]} 1. d4 d5 2. Nf3 Nf6 3. Bf4 c5 4. e3 Nc6 (4... cxd4 5. exd4 Nc6 6. Nbd2 Bg4 7. c3 e6 8. Qb3 Bd6 9. Qxb7 Bxf4 10. Qxc6+ Kf8 11. Ne5 h5 12. Bd3 g6 13. h3 Bf5 14. Ndf3 Kg7 15. Bxf5 exf5 16. O-O Rb8 {1-0 (32) Inarkiev,E (2663)-Riazantsev,A (2639) Moscow 2019}) 5. Nbd2 Nh5 6. Be5 {D02: 1 d4 d5 2 Nf3 sidelines, including 2...Nf6 3 g3 and 2...Nf6 3 Bf4.} f6 7. Bg3 e6 8. c3 {The position is equal.} Qb6 9. Qc2 Bd7 10. Bd3 {[#]} O-O-O $146 ({Predecessor:} 10... g6 11. dxc5 Bxc5 12. O-O Nxg3 13. hxg3 Rc8 14. Nb3 Be7 15. Qe2 f5 16. c4 O-O 17. Rfd1 Rfd8 18. cxd5 {½-½ (18) Karlik,V (2312)-Plischki,S (2365) Liberec 2012}) 11. O-O Nxg3 12. hxg3 Kb8 13. dxc5 Bxc5 14. a3 h5 15. b4 Be7 16. c4 g5 17. Rfc1 h4 {[#] aiming for ...hxg3.} 18. g4 $1 Ne5 19. Nxe5 fxe5 20. c5 Qc7 21. e4 Rc8 22. Nf3 Rhf8 23. Qe2 Rf4 24. exd5 exd5 {Hoping for ...e4.} 25. Nxe5 Rcf8 (25... Bf6 $1 $14 26. Nxd7+ Qxd7) 26. Nxd7+ $18 Qxd7 27. Bf5 $36 {[%mdl 2048] White has strong initiative.} Qc7 28. Re1 Bf6 29. Rad1 a6 30. Rxd5 Bd4 {[#]} 31. Rf1 $1 {Threatens to win with Rd7.} h3 32. gxh3 {And now Rd7 would win.} Rxf2 33. Rxf2 Qg3+ 34. Kf1 (34. Kh1 $16 Bxf2 35. Qe5+ Qxe5 36. Rxe5) 34... Qxh3+ $11 35. Ke1 (35. Kg1 $5 {[%cal Rd5d4]} Qg3+ {[%mdl 64] Pin} 36. Kf1 Qh3+ 37. Kg1 Qg3+ {[%mdl 64] Pin} 38. Kf1 Qh3+ $11) 35... Bxf2+ $4 {[%mdl 8192]} (35... Qh1+ $15 36. Kd2 Qxd5) 36. Kxf2 $18 Qh2+ 37. Kf3 Ka8 {White must now prevent ...Qf4+.} 38. Qxh2 {Accuracy: White = 80%, Black = 64%.} 1-0

[Event "Russia Charity Tournament"]
[Site "Online"]
[Date "2020.05.13"]
[Round "14"]
[White "Kramnik, Vladimir"]
[Black "Inarkiev, Ernesto"]
[Result "1-0"]
[WhiteElo "2797"]
[BlackElo "2639"]
[Annotator "TA"]
[PlyCount "95"]
[EventDate "2020.05.12"]
[EventType "tourn"]
[SourceTitle "playchess.com"]
[Source "ChessBase"]
[SourceQuality "1"]

{[%evp 10,95,8,5,41,35,52,51,85,79,93,52,156,147,162,147,148,125,137,49,219,220,210,208,214,204,234,240,259,250,320,238,460,454,633,639,598,629,629,587,588,431,432,428,440,419,429,409,506,491,501,512,493,495,526,531,602,574,611,596,895,878,900,875,814,705,804,920,887,878,891,877,918,925,1482,1429,1527,1481,29996,6627,5916,1528,1354,1313,29986,1245,29967,29966]} 1. c4 e5 2. d3 g6 3. Nc3 Bg7 4. g3 Ne7 5. Bg2 O-O 6. h4 h6 {A21: English Opening: 1...e5 2 Nc3.} 7. h5 {Strongly threatening hxg6.} g5 $1 8. f4 {[#]} gxf4 $146 {White is slightly better.} ({Predecessor:} 8... exf4 9. gxf4 g4 10. e4 f5 11. Nge2 d6 12. Be3 Nd7 13. Qd2 c6 14. O-O-O Nf6 {0-1 (50) Rotstein,A (2501)-Eisenbeiser,A (2387) Austria 2017}) 9. gxf4 Nbc6 10. fxe5 Nxe5 ({Black should try} 10... d6 $14) 11. Bf4 $1 $16 d5 12. cxd5 ({Stronger than} 12. Nxd5 Nxd5 13. cxd5 (13. Bxd5 c6 $11) 13... Re8 $14) 12... c6 {[%cal Re7d5]} 13. Qd2 $36 {[%mdl 2048] White is in control.} Ng4 {[%cal Rc6d5]} 14. Bf3 (14. dxc6 $16 Nxc6 15. Bxc6 bxc6 16. Nf3) 14... Kh7 $2 {This move loses the game for Black.} ({Black should play} 14... Nxd5 $14 15. Nxd5 cxd5) 15. d6 $18 Nd5 16. Bxd5 cxd5 17. Nxd5 Be6 18. Nc7 Rc8 19. Nf3 Qf6 20. d4 Bf5 $2 (20... Qf5 21. Rc1 Bd7) 21. Be5 Qd8 22. Qf4 Bd7 23. Bxg7 Kxg7 24. Rg1 Kh7 25. Rxg4 Bxg4 26. Qxg4 {Black must now prevent Qf5+.} Qxd6 27. Qf5+ Kg7 28. Nd5 Rfd8 29. Nf4 Qf6 30. Qxf6+ Kxf6 31. Kd2 Rg8 32. Rf1 Rcd8 33. e4 Ke7 34. Nd5+ Kf8 35. Ne5 Rg2+ 36. Kc3 Rc8+ 37. Kb3 Rg3+ 38. Kb4 Rg7 39. Rf6 Rh7 40. a4 Rc2 41. b3 Ke8 42. Rd6 Re2 {[#]} 43. Rd7 $1 {Nf6+ would kill now.} Rg7 44. Nf6+ (44. Rxb7 $142 a5+ 45. Kxa5 Rc2 46. Rb8+ Rc8 47. Rxc8#) 44... Kf8 45. Kc5 (45. Rxb7 $142 Rc2 46. Rxa7) 45... Rf2 {[#]} 46. Neg4 $1 {White wants to mate with Rd8+.} Rg5+ {[#]} 47. Kd6 $1 Kg7 48. Nxf2 {Accuracy: White = 70%, Black = 36%.} 1-0

[Event "Russia Charity Tournament"]
[Site "Online"]
[Date "2020.05.13"]
[Round "14"]
[White "Nepomniachtchi, Ian"]
[Black "Tomashevsky, Evgeny"]
[Result "1/2-1/2"]
[WhiteElo "2785"]
[BlackElo "2695"]
[Annotator "TA"]
[PlyCount "73"]
[EventDate "2020.05.12"]
[EventType "tourn"]
[SourceTitle "playchess.com"]
[Source "ChessBase"]
[SourceQuality "1"]

{[%evp 27,73,15,23,25,34,30,61,30,32,31,50,40,52,48,58,60,65,46,48,48,49,38,70,36,36,39,45,32,32,0,33,31,46,42,45,0,39,0,47,9,9,9,9,9,14,15,39,39]} 1. e4 e5 2. Nf3 Nc6 3. Nc3 Nf6 4. d4 exd4 5. Nxd4 Bb4 6. Nxc6 bxc6 7. Bd3 d5 8. exd5 cxd5 9. O-O O-O 10. Bg5 c6 11. Qf3 h6 12. Bxf6 Qxf6 13. Qxf6 gxf6 14. Ne2 Bd6 15. Ng3 {C47: Scotch Four Knights and Four Knights with 4 g3.} Rb8 16. b3 Bg4 17. Nf5 (17. Bf5 {is more complex.} h5 18. Bxg4 hxg4 19. Rad1 Kh7 20. c4) 17... Bxf5 $1 18. Bxf5 {[#]} Rfd8 $146 ({Predecessor:} 18... c5 19. Rad1 d4 20. Bd7 Rb7 21. Ba4 Re7 22. Rfe1 Re5 23. g3 Rc8 24. Bb5 Rb8 {½-½ (31) Filippov,A (2592)-Vokhidov,S (2399) Almaty 2017}) 19. Rad1 Kf8 20. g3 Rb7 21. Kg2 Re7 22. Rfe1 Rxe1 23. Rxe1 $14 {[%mdl 4096] Endgame KRB-KRB} Re8 24. Rd1 Ke7 25. c4 dxc4 26. bxc4 Rb8 27. Re1+ Kf8 28. Rd1 Ke7 29. Rd2 Rb4 30. Re2+ Kf8 31. Rd2 Ke7 32. Re2+ Kf8 33. c5 Bxc5 34. Rc2 Bb6 35. Rxc6 Rb2 36. Rc2 Rxc2 37. Bxc2 {Accuracy: White = 81%, Black = 87%.} 1/2-1/2

[Event "Russia Charity Tournament"]
[Site "Online"]
[Date "2020.05.13"]
[Round "14"]
[White "Karjakin, Sergey"]
[Black "Svidler, Peter"]
[Result "0-1"]
[WhiteElo "2766"]
[BlackElo "2754"]
[Annotator "TA"]
[PlyCount "154"]
[EventDate "2020.05.12"]
[EventType "tourn"]
[SourceTitle "playchess.com"]
[Source "ChessBase"]
[SourceQuality "1"]

{[%evp 12,154,46,40,40,40,41,44,49,39,39,39,49,34,39,31,56,0,49,40,53,-14,0,-32,-4,-57,-65,-62,-63,-62,-37,-73,-8,-254,-246,-259,-241,-318,-379,-452,-431,-432,-445,-437,-199,-223,-173,-180,-178,-181,-175,-875,-865,-29974,-29975,-5252,-5243,-29993,-29979,-29979,-29980,-29979,-29977,-5281,-718,-697,-726,-727,-711,-681,-673,-672,-656,-631,-582,-542,-624,-583,-583,-584,-573,-628,-551,-541,-491,-860,-835,-825,-626,-733,-730,-1074,-1067,-1446,-835,-1373,-1311,-1237,-1118,-6303,-6199,-3077,-2492,-4134,-4590,-29984,-29984,-29990,-29989,-29989,-29987,-29987,-29986,-29986,-29987,-29987,-29988,-29987,-29989,-29987,-29988,-29986,-29977,-29989,-29990,-29990,-29991,-29991,-29992,-29992,-29993,-29993,-29994,-29994,-29995,-29996,-29990,-29990,-29991,-29994,-29993,-29995,-29992,-29993,-29994]} 1. e4 c5 2. Nf3 e6 3. d4 cxd4 4. Nxd4 a6 5. Bd3 Bc5 6. Nb3 Be7 7. c4 (7. O-O d6 8. Qg4 g6 9. Qe2 Nd7 10. c4 Ne5 11. Nc3 Nf6 12. Bh6 Neg4 13. Bg7 Rg8 14. Bxf6 Nxf6 15. f4 Kf8 16. e5 Nd7 17. exd6 Bxd6 18. Ne4 Be7 19. c5 Kg7 20. Rac1 Nf6 21. Rfd1 {½-½ (41) Karjakin,S (2770)-Svidler,P (2743) Sochi 2014}) 7... d6 {B42: Sicilian: Kan Variation: 5 Bd3.} 8. Nc3 {The main line 8.Nc3 scores better than 8.0-0.} Nf6 9. Be3 b6 {White is slightly better.} 10. f4 Bb7 11. O-O Nbd7 12. Qf3 O-O 13. Qh3 {was the old line (13.Rad1).} Re8 14. Rae1 (14. g4 $14) 14... Bf8 {[#]} 15. Nd2 $146 ({Predecessor:} 15. Bd4 e5 16. Be3 exf4 17. Bxf4 Ne5 18. Nd5 Nfd7 19. Qg3 Nxd3 20. Qxd3 Ne5 21. Qd4 {0-1 (38) Widmer,S (2217)-Gallagher,J (2520) Silvaplana 2003}) 15... g6 16. Bb1 ({White should play} 16. f5 $14) 16... Bg7 17. b3 Rc8 18. Ne2 (18. Nd1 $11) 18... b5 19. Rd1 Qc7 20. cxb5 $1 axb5 21. Nd4 Qa5 ({Black should try} 21... Ba6 $17) 22. f5 $2 {This costs White the game.} (22. Bd3 $11) 22... exf5 $1 $19 23. exf5 Rc3 $1 24. fxg6 hxg6 ({Less strong is} 24... Rexe3 25. gxf7+ Kf8 26. N2f3 $15) 25. Nc2 Ne5 {[%cal Bd7e5,Be5g4,Bg4e3][%mdl 32]} 26. Qh4 Neg4 {...Rxc2 is the strong threat.} 27. Bd4 {[%cal Rf1f6] [#]} Re2 (27... Rxc2 $142 $1 {[%mdl 512]} 28. Bxc2 Re2 {[%mdl 64] Double Attack}) 28. Ne1 Qb4 29. Ndf3 {[#]} Ne3 $1 $36 {[%cal Re3d1][%mdl 2048] Black is on the roll.} 30. Bxc3 Qxc3 31. Qd4 $2 (31. Rxd6 Nxf1 32. Kxf1) 31... Nxd1 32. Qxd1 Qe3+ 33. Kh1 Ng4 34. Qxd6 Be5 35. Qd8+ Kg7 36. Qh4 Nf2+ 37. Kg1 Nd3+ (37... Bxf3 $142 38. Nxf3 Nh3+ {[%mdl 64] Discovered Attack (Double check)} 39. Kh1 Rf2 40. Qxf2 Nxf2+ 41. Kg1 Bd6) 38. Kh1 Bf6 39. Qxf6+ Kxf6 40. Bxd3 Rf2 41. Bxb5 Rxf1+ 42. Bxf1 Qc1 43. Kg1 Qc5+ 44. Kh1 {[#]} Qf2 $1 45. Bc4 Qxa2 46. h3 Kg7 47. Kg1 f6 48. Nd3 (48. Kf1 $142) 48... Bxf3 49. gxf3 Qd2 50. Nf2 f5 51. Kg2 Kh6 52. Kg3 Kh5 53. Kg2 Kh4 54. Bb5 Qf4 55. Bc4 Qg3+ 56. Kf1 Qxf3 57. Ke1 Qe3+ 58. Kf1 Kg3 {[%csl Gg3][%cal Re3f2] Black mates.} 59. Nd1 Qd2 {[%cal Rd2d1]} 60. Be2 f4 61. Nf2 Qd4 {[%csl Gg3][%cal Rd4f2]} 62. Nh1+ Kxh3 63. Nf2+ Kg3 {[%csl Gg3][%cal Rd4f2]} 64. Nh1+ Kh2 {[%csl Gh2][%cal Rd4g1]} 65. Nf2 Qa1+ 66. Bd1 g5 67. b4 f3 68. b5 g4 69. Nxg4+ {[#]} Kg3 $1 {[%cal Ra1d1]} 70. Nf2 Qd4 {[%csl Gg3][%cal Rd4f2]} 71. Nh1+ Kf4 72. Nf2 Ke3 73. b6 Qxb6 74. Ng4+ Kf4 75. Nf2 Qd4 76. Ke1 Kg3 {[%csl Gg3][%cal Rd4f2]} 77. Nh1+ Kg2 {Accuracy: White = 51%, Black = 79%.} 0-1

[Event "Russia Charity Tournament"]
[Site "Online"]
[Date "2020.05.13"]
[Round "14"]
[White "Riazantsev, Alexander"]
[Black "Grischuk, Alexander"]
[Result "0-1"]
[WhiteElo "2497"]
[BlackElo "2765"]
[Annotator "TA"]
[PlyCount "106"]
[EventDate "2020.05.12"]
[EventType "tourn"]
[SourceTitle "playchess.com"]
[Source "ChessBase"]
[SourceQuality "1"]

{[%evp 17,106,3,22,20,33,38,26,2,14,32,18,22,52,57,54,31,24,0,0,0,0,0,0,0,200,196,193,129,207,209,203,203,250,240,251,229,239,221,212,179,305,304,304,304,330,65,68,40,50,0,0,0,0,0,0,-190,-208,-185,-216,-165,-207,-199,-140,-454,-377,-369,0,-366,-340,-322,-327,-303,-281,-554,-477,-5416,-5314,-1389,-1052,-955,-955,-29989,-219,-29990,-29991,-29994,-29995,-29995,-29996,-29996,-29997]} 1. d4 e6 2. c4 b6 3. Nc3 Bb4 4. Bd2 f5 5. Nf3 Nf6 6. g3 Bb7 7. Bg2 O-O 8. O-O Bxc3 9. Bxc3 Be4 {[#]} 10. b4 $146 {A84: Dutch Defence: 2 c4 Miscellaneous.} ({Predecessor:} 10. e3 a5 11. Ne5 Bxg2 12. Kxg2 d6 13. Nd3 Qe8 14. f3 b5 15. Qb3 bxc4 16. Qxc4 Nd5 17. Bd2 Nd7 {0-1 (38) Pshmahov,O (2116)-Lortkipanidze,N (2370) Tbilisi 2019}) 10... Qe8 11. a4 d6 12. d5 {White has an edge.} e5 13. Ng5 {Black must now prevent f3.} Bxg2 14. Kxg2 Ne4 15. Nxe4 fxe4 16. Qb1 Qg6 $1 17. f3 (17. a5 {seems wilder.} Nd7 18. Qc2 Nf6 19. Bd2 Qh5 20. Bc1) 17... Nd7 18. Qxe4 Qxe4 19. fxe4 Nf6 20. a5 b5 $2 (20... Nxe4 $11 21. Be1 Rxf1 22. Kxf1 Rf8+ 23. Kg2 g5) 21. cxb5 $18 Rab8 22. Be1 (22. Rac1 $1 $18) 22... Rxb5 (22... Rfc8 $16) 23. Rc1 Rc8 24. Rc4 Kf7 25. g4 h6 26. Bh4 g5 27. Be1 Kg6 28. h3 h5 (28... Rb7 {was called for.} 29. Bd2 a6) 29. Kg3 hxg4 30. hxg4 Rh8 31. Rxc7 $2 (31. Rf5 $1 $18) 31... Nxe4+ $14 32. Kg2 Nf6 33. Rxf6+ Kxf6 {[%mdl 4096] Endgame KRR-KRB} 34. e4 Rbb8 $1 {Threatening ...Rhc8.} 35. Rxa7 Rhc8 36. Kf3 $2 (36. Rd7 $11) 36... Rc1 $1 $19 {[%cal Rc1e1][%mdl 1024] Black has strong compensation.} 37. Bd2 Rc2 38. Ke3 Rh8 $1 {[%cal Rh8h3]} 39. Kd3 Ra2 (39... Rb2 $19 {Hoping for ...Rh3+.} 40. Kc3 Ra2) 40. Be1 $2 {[%mdl 8192]} (40. Rd7 $17 {is a better chance.} Rh3+ 41. Kc4 Rxd2 42. Rxd6+ Kf7 43. Kc5) 40... Rh1 41. Bc3 Rh3+ $1 42. Kc4 {Strongly threatening Kb3.} Rc2 43. Kb5 Rhxc3 ({Less strong is} 43... Rcxc3 44. Rd7 $15) 44. Rd7 Rb2 {Threatens to win with ...Rc5+.} 45. a6 $2 (45. Rxd6+ Ke7 46. Re6+ Kd7 47. Rxe5) 45... Rcb3 46. a7 (46. Rxd6+ $142 Ke7 47. Re6+ Kd7 48. Kc5 Rxb4 49. Rxe5) 46... Rxb4+ {[%mdl 64] Double Attack} 47. Ka5 R4b3 {[%cal Rb3a3]} 48. Ka4 Rb6 {[%cal Rb6a6]} 49. Ka5 R2b5+ 50. Ka4 {[#] Rxd6+! is the strong threat.} Rb1 $1 {[%cal Rb6a6] Black mates.} 51. Ka5 R6b2 {[%cal Rb2a2]} 52. Rxd6+ {[#]} Ke7 $1 {[%cal Rb2a2]} 53. Re6+ Kd7 {Quite a comeback for Black. Accuracy: White = 59%, Black = 79%.} 0-1